000 00374nam a2200157Ia 4500
003 GCL
008 140319s9999 xx 000 0 eng d
040 _aGCL /
_cGCL
082 0 4 _a698.9
_bR T
100 1 _aRAMSEY, DAN
245 1 0 _aTILE FIOORS /
_cRAMSEY, DAN
260 _a[S.N] :
_bTAB BOOKS ،
_c1991
300 _a152 P
650 0 4 _aFLOORING, TILE
942 _2ddc
_cBK
999 _c21127
_d21127